| 000 | 00441cam a2200193 4500 | ||
|---|---|---|---|
| 001 | D5453 | ||
| 008 | 090401t1985 xxu||||| |||| 00| 0 eng d | ||
| 035 | _a(Sirsi) u51415 | ||
| 041 | _aeng | ||
| 050 | _a380.1 | ||
| 100 | _aHarvey, Brian W | ||
| 245 | _aAuctions: law and practice | ||
| 260 |
_aLondon _bButterworths _c1985 |
||
| 300 | _axxvi. 285p. 25cm | ||
| 350 | _a17 | ||
| 700 | _aMeisel, F. | ||
| 942 | _n0 | ||
| 948 | _c04/03/1997 | ||
| 999 |
_c92898 _d92898 |
||